[Event "Khanty-Mansiysk Governor Cup 16th"]
[Site "Khanty-Mansiysk"]
[Date "2020.12.05"]
[Round "6"]
[White "Idrisov, Arseniy R"]
[Black "Mochalin, Faddey"]
[Result "0-1"]
[WhiteElo "1370"]
[BlackElo "2196"]
[PlyCount "56"]
[EventDate "2020.11.30"]
[EventType "swiss"]
[EventRounds "9"]
[EventCountry "RUS"]
[SourceTitle "CBM 199 Extra"]
[Source "ChessBase"]
[SourceDate "2021.01.31"]
[SourceVersion "1"]
[SourceVersionDate "2021.01.31"]
[SourceQuality "1"]

1. c4 e6 2. e4 d5 3. exd5 exd5 4. d4 Nf6 5. cxd5 Nxd5 6. Nc3 Bb4 7. Bd2 0-0 8. Bd3 Nc6 9. Nge2 Bg4 10. f3 Be6 11. 0-0 Nb6 12. Be3 Nc4 13. Bf2 Nxb2 14. Bxh7+ Kxh7 15. Qc2+ Kg8 16. Qxb2 Bc4 17. Rfd1 Ba5 18. d5 Nb4 19. Bc5 Nd3 20. Rxd3 Bxd3 21. Bxf8 Qxf8 22. Rd1 Qc5+ 23. Kh1 Qf2 24. Qd2 Ba6 25. Qd4 Qxd4 26. Rxd4 f5 27. d6 cxd6 28. Rxd6 Re8 0-1

[Event "Khanty-Mansiysk Governor Cup 16th"]
[Site "Khanty-Mansiysk"]
[Date "2020.11.30"]
[Round "1"]
[White "Maltsevskaya, Aleksandra"]
[Black "Idrisov, Arseniy R"]
[Result "1-0"]
[WhiteElo "2248"]
[BlackElo "1370"]
[PlyCount "57"]
[EventDate "2020.11.30"]
[EventType "swiss"]
[EventRounds "9"]
[EventCountry "RUS"]
[SourceTitle "CBM 199 Extra"]
[Source "ChessBase"]
[SourceDate "2021.01.31"]
[SourceVersion "1"]
[SourceVersionDate "2021.01.31"]
[SourceQuality "1"]

1. e4 e6 2. d4 d5 3. Nc3 Nf6 4. Bg5 Be7 5. e5 Nfd7 6. h4 a6 7. Qg4 f5 8. Qg3 Bxg5 9. hxg5 c5 10. Nf3 Nc6 11. 0-0-0 cxd4 12. Ne2 Nc5 13. Nexd4 Ne4 14. Qh4 Qa5 15. Kb1 Qc7 16. Bd3 Nxd4 17. Nxd4 Qxe5 18. f3 Nc5 19. Rhe1 Qd6 20. Bxf5 Bd7 21. g6 h6 22. b4 Na4 23. Nxe6 Nc3+ 24. Ka1 Bxe6 25. Rxe6+ Qxe6 26. Bxe6 Nxd1 27. Qd4 Ke7 28. Bf5 Rhg8 29. Qe5+ 1-0